1234 1003 1716 1913 1715 1051 1560 1572 1222 1769 1387 1626 1891 1990 1743 1475 1116 1468 1429 1281 1911 1835 1611 1621 1073 1476 1147 1190 1808 1487 1170 1527 1441 1119 1376 1014 1734 1758 1255 1177 1768 1789 1756 1954 1159 1113 1403 1616 1636 1715 1135 1299 1578 1214 1436 1161 1045 1118 1930 1365 1513 1417 1119 1760 1769 1768 1203 1774 1125 1615 1379 1765 1727 1227 1956 1744 1071 1384 1194 1948 1617 1867 1783 1602 1628 1469 1994 1432 1117 1375 1252 1542 1280 1515 1069 1437 1177 1507 1945 BCNSPRNW ULIB Ver.6.0+V

เปลี่ยนเป็นภาษาไทย

Change to English
 แสดงรายละเอียดบรรณานุกรม
  กลับหน้าหลัก

Brief Record : Get Marc (ISO 2709) : E-mail record : QR code < ปิดหน้าต่าง
LEADER : 00000nam 2200000uu 4500
001    13399128041
003     ULIB
008    220125s2563||||th 000 0 tha d
020    ^a9786168199473
050    ^aนว.^bธ511อ
100    ^aธาดา
245    ^aอวัสดา
250    ^aพิมพ์ครั้งที่ 1
260    ^aนนทบุรี :^bดีต่อใจ,^c2563
300    ^a256 หน้า;^b21 ซม.
650    ^aนวนิยาย
945    ^p200^l0^i29186
999    ^aกัณชพร จุลอักษร
รายการนี้ยังไม่มีแท็ก
คุณยังไม่ได้ล็อกอิน คุณสามารถมีกิจกรรมร่วมกับเว็บไซต์ได้ แต่ต้องล็อกอินก่อน ::
  ล็อกอิน

รายการสื่อสารสนเทศ

ลำดับที่ ประเภท เลขเรียก/บาร์โค้ด สถานที่ สถานะ
1. วิทยาศาสตร์การแพทย์ และสุขภาพ
วิทยาศาสตร์การแพทย์ และสุขภาพ
นว. ธ511อ ฉ.1 
  Barcode: 29186
ห้องสมุดวิทยาเขตนครสวรรค์
►นวนิยาย:l:Fiction
บนชั้น

รายการใกล้เคียง
    ชื่อเรื่อง [อวัสดา]

    ผู้แต่ง [ธาดา]

    หัวเรื่อง [นวนิยาย]

BibComment


ยังไม่เคยถูกคอมเมนท์

คอมเมนท์ทรัพยากรรายการนี้
  คอมเมนท์: อวัสดา


 Copyright 2026. Bcnsprnw @Library